000 00842nam a2200229Ia 4500
003 OSt
005 20220923220823.0
006 a|||||r|||| 00| 0
007 ta
008 220922b |||||||| |||| 00| 0 san d
024 _a190,906
037 _cTextual
040 _aARTS
_cARTS
_bsan
041 _2san
_asan
082 _aR65:6x1:1, 15K2
100 _aविनोबा, विनायक नरहर
245 0 _aगीता प्रवचनानि, अनु शंकरानन्द-भारती और अनन्तशास्त्री फडके
246 _aGītā pravachanāni, anu shankarānanda-bhāratī aur anantashāstrī faḍake
260 _c1962
942 _hR65:6x1:1, 15K2
_cTEXL
_2CC
999 _c343627
_d343627